Why Shadows The One That Follows

Bibliographic Details
Main Author: Lanka Devi Sinniah
Format: Book
Published: Selangor : Ilmiah Publishers , 2004
Series:Science And Me Series
Subjects:

MARC

LEADER 00000cam a2200000 7i4500
001 0000051202
005 20150815.0
008 150815
020 |a 9789833074150 
020 |a 9833074154 
090 0 0 |a SC   |b ENG 
100 1 |a Lanka Devi Sinniah 
245 1 0 |a Why Shadows The One That Follows   |c Lanka Devi Sinniah 
260 |a Selangor :   |b Ilmiah Publishers ,   |c 2004 
300 |a 22pg. :   |b Col.ill 
490 1 |a Science And Me Series 
650 0 |a English Fiction 
999 |a 0001128531   |b Book   |c Children Collection   |e Cawangan Pontian 
999 |a 0001128533   |b Book   |c Children Collection   |e Cawangan Bukit Gambir